000 01044nam a22003130a 4500
001 PT16082
003 AR-LpoUNG
005 20210131232659.0
008 191001s1997||||sp |||||||||||||||||spa d
020 _a8472236110
_c$7.28
040 _aAR-LpoUNG
_bspa
_cAR-LpoUNG
_eaacr
041 _aspa
044 _asp
082 0 _a508 951tan
100 1 _aPrigogine, Ilya
245 1 0 _a¿Tan sólo una ilusión? :
_buna exploración del caos al orden
250 _a4ta. ed.
260 _aBarcelona :
_bTusquets,
_c1997.
300 _a325 p. :
_bgráfs., il.
520 _a<p>El libro reune diez ensayos realizados entre 1972 y 1982, donde se intenta destacar la lejania de la visión monolitica de física clásica y ofrecer desde la ciencia un aporte para comprender la vida y la cultura.</p>
650 4 _aCIENCIAS NATURALES
650 4 _aFILOSOFIA
650 4 _aFISICA
650 4 _aPROGRESO CIENTIFICO
651 4 _aDOCUMENTOS TEORICOS O METODOLOGICOS
700 1 _aMartín, Francisco
_etr.
905 _a16082
942 _cLIB
999 _c16889
_d16889